000 00420cam a22001337a 4500
008 180718b1975 xxu||||| |||| 00| 0 eng d
082 _aC43x54 Se55r
100 _aSen, Ashok K.
245 _aRole of governors in the emerging pattern of central-state relations in India
_cby Ashok K. Sen
260 _aDelhi
_bNational
_c1975
300 _a75p.
650 _aGovernors - India
650 _aFederal-state relations - India
999 _c354055
_d354055